| 000 | 00969cab a2200265 4500 | ||
|---|---|---|---|
| 001 | WB3102-42 | ||
| 008 | 090401t1995 xxu||||| |||| 00| 0 eng d | ||
| 035 | _a(Sirsi) u66114 | ||
| 041 | _aeng | ||
| 245 | _aQS joins rush for limited status | ||
| 260 | _c1995 | ||
| 350 | _a0 | ||
| 490 |
_aBuilding _v260(7875) 13 January 1995, 6(1) |
||
| 520 | _aWith Britain`s third-largest QS practice, Faithful & Gould, incorporating as a limited company, in the wake of a similar move last month by Northcroft Neighbour & Nicholson, there appears to be a trend away from the large partnership and a process of consolidation and acquisition seems likely. | ||
| 650 | _aFAITHFUL & GOULD | ||
| 650 | _aINCORPORATION | ||
| 650 | _aLIMITED COMPANIES | ||
| 650 | _aNORTHCROFT NEIGHBOUR & NICHOLSON | ||
| 650 | _aPARTNERSHIPS | ||
| 650 | _aSURVEYING FIRMS | ||
| 690 | _aPROFESSIONAL PRACTICE | ||
| 690 |
_aQuantity surveying _96263 |
||
| 942 | _n0 | ||
| 948 | _c04/03/1997 | ||
| 999 |
_c41323 _d41323 |
||